Satakunnan naapurikunnat - Statistics

Yleistilastot
  • Tätä visaa on pelattu 17 kertaa
  • Keskiarvotulos 8 / 14
Vastaustilastot
Kunta % Oikein
Sastamala
83%
Kristiinankaupunki
75%
Laitila
75%
Isojoki
67%
Parkano
58%
Pöytyä
58%
Ikaalinen
50%
Loimaa
50%
Mynämäki
50%
Punkalaidun
50%
Pyhäranta
50%
Kauhajoki
42%
Oripää
33%
Kurikka
25%
Ehtoja vastaavia visoja ei löytynyt
Tulosjakauma
Jokaisen tuloksen saaneiden osuus
Persentiili vastausten määrän mukaan
Tuloshistoriasi
Et ole pelannut tätä visaa